000
00261nam a2200121Ia 4500
008
190216s9999||||xx |||||||||||||| ||und||
100
_a
Carl P Swanson
245
4
_a
The Cell
260
_b
Prentice Hall
_c
1958
300
_a
114p
650
_a
Botany
942
_c
BK
999
_c
1253
_d
1253